000 00262 a2200109 4500
001 50855
040 _cAnchieta - Pituba
240 1 0 _aFestival de redação 2010
_l
245 1 0 _aFestival de redação 2010
650 4 _aLínguas espanhola e portuguesa
942 _cMX
999 _c50855
_d50855